000 00430cam a22001457a 4500
008 180718b2012 xxu||||| |||| 00| 0 eng d
020 _a9788131605127
082 _aBA27x54 C393t
245 _aTribal health and nutrition
_cedited by S. N. Chaudhary
260 _aJaipur
_bRawat
_c2012
300 _a338p.
650 _aTribes -- Health and hygiene -- India
650 _aTribes -- Nutrition -- India
700 _aChaudhary, S. N.
999 _c443075
_d443075